Gaylen, Hansen/ (Record no. 2861)

MARC details
000 -LEADER
campo de control de longitud fija 00558nam a22002177a 4500
003 - IDENTIFICADOR DE NÚMERO DE CONTROL
campo de control OSt
005 - FECHA Y HORA DE LA ÚLTIMA TRANSACCIÓN
campo de control 20230125092027.0
008 - DATOS DE LONGITUD FIJA--INFORMACIÓN GENERAL
campo de control de longitud fija 160723s2011 pn||||| |||| 00| 0 spa d
020 ## - NÚMERO INTERNACIONAL ESTÁNDAR DEL LIBRO
Número Internacional Estándar del Libro 0 87422 022 X
040 ## - FUENTE DE CATALOGACIÓN
Centro/agencia transcriptor Lado V
082 04 - NÚMERO DE LA CLASIFICACIÓN DECIMAL DEWEY
Número de clasificación 758.3
Número de ítem H249g
100 ## - ENTRADA PRINCIPAL--NOMBRE DE PERSONA
Término indicativo de función/relación autor
245 ## - MENCIÓN DEL TÍTULO
Título Gaylen, Hansen/
260 ## - PUBLICACIÓN, DISTRIBUCIÓN, ETC.
Lugar de publicación, distribución, etc. Washington
Nombre del editor, distribuidor, etc. Washington State University
Fecha de publicación, distribución, etc. 1985
300 ## - DESCRIPCIÓN FÍSICA
Extensión 63p.
Otras características físicas il. col.
Dimensiones 26x23
653 10 - TÉRMINO DE INDIZACIÓN--NO CONTROLADO
Término no controlado PINTURA
653 10 - TÉRMINO DE INDIZACIÓN--NO CONTROLADO
Término no controlado ANIMALES
653 10 - TÉRMINO DE INDIZACIÓN--NO CONTROLADO
Término no controlado CATALOGO
653 10 - TÉRMINO DE INDIZACIÓN--NO CONTROLADO
Término no controlado EXHIBICION
942 ## - ELEMENTOS DE ENTRADA SECUNDARIOS (KOHA)
Fuente del sistema de clasificación o colocación Clasificación Decimal Dewey
Tipo de ítem Koha Libros
Parte de la signatura que corresponde a la clasificación (Parte de la clasificación) 758.3
Parte de la signatura que identifica el ejemplar (Parte del ítem) H249g
Suprimir en OPAC No
Holdings
Estatus retirado Estado de pérdida Fuente del sistema de clasificación o colocación Estado de daño No para préstamo Biblioteca de origen Biblioteca actual Fecha de adquisición Número de inventario Total de préstamos Signatura topográfica completa Código de barras Visto por última vez Precio de reemplazo Tipo de ítem Koha
    Clasificación Decimal Dewey     Biblioteca LadoV Biblioteca LadoV 25/01/2023 005057   758.3 H249g 005057 25/01/2023 25/01/2023 Libros